000 00616nam a22001697a 4500
999 _c16282
_d16282
008 170123b xxu||||| |||| 00| 0 eng d
020 _a1579999988
040 _aKABU
_cKABU
050 _aMT1
_b.O74 2013 C.1
245 _aOrff schulwerk reflections and direction
_bproceeding of the symposium global connections in orff schulwerk
_cedited by Cecilia Chu Wang and Gregory Springer
260 _aChicago
_bGIA publications
_c2013
300 _aviii, 305 p.
650 _aOrff- Schulwerk
700 _aWang, Cecilia Chu
700 _aSpringer, Gregory
942 _2lcc
_cBK
_hMT1 .O74 2013 C.1